Die teuersten Fußballtransfers - Geboren 1999 - Statistiken

Allgemein
  • Dieses Quiz wurde 47 mal gespielt
  • Das Durchschnittsergebnis liegt bei 9 aus 10
Antwortstatistiken
Ablöse (M €) Saison Nationalität Abgebender Verein Aufnehmender Verein Spieler % Korrekt
80,00 2020-2021 Deutschland Bayer Leverkusen FC Chelsea Kai Havertz
100%
75,00 2023-2024 Deutschland FC Chelsea FC Arsenal Kai Havertz
100%
127,20 2019-2020 Portugal Benfica Atlético Madrid João Félix
98%
85,50 2019-2020 Niederlands Ajax Amsterdam Juventus Turin Matthijs de Ligt
98%
67,00 2022-2023 Niederlands Juventus Bayern München Matthijs de Ligt
98%
116,60 2023-2024 England West Ham United FC Arsenal Declan Rice
93%
70,00 2022-2023 Schweden Real Sociedad Newcastle United Alexander Isak
91%
85,00 2022-2023 Uruguay Benfica FC Liverpool Darwin Núñez
89%
55,00 2023-2024 Frankreich Bayer Leverkusen Aston Villa Moussa Diaby
68%
64,20 2023-2024 England FC Chelsea Manchester United Mason Mount
66%
Keine übereinstimmenden Quizze gefunden
Verteilung der Resultate
Anzahl Personen mit jedem Resultat
Perzentil nach korrekt beantworteten Fragen
Ihre Resultats-Entwicklung
Sie haben dieses Quiz noch nicht gespielt